Welcome to the Holygrace Academy Library

Please use search bar below to get started

BIRBAL STORIES (Record no. 5159)

MARC details
000 -LEADER
fixed length control field 00308nam a22001337a 4500
082 ## - DEWEY DECIMAL CLASSIFICATION NUMBER
Classification number 823
Item number SUB/B
100 ## - MAIN ENTRY--AUTHOR NAME
Personal name SUBRAMANIAM, NEELA
245 ## - TITLE STATEMENT
Title BIRBAL STORIES
260 ## - PUBLICATION, DISTRIBUTION, ETC. (IMPRINT)
Place of publication ERANAKULAM
Name of publisher YOUNG KIDS
300 ## - PHYSICAL DESCRIPTION
Number of Pages 110
520 ## - SUMMARY, ETC.
Summary, etc ENGLISH SHORT STORIES
650 ## - SUBJECT ADDED ENTRY--TOPICAL TERM
Topical Term ENGLISH SHORT STORIES
Geographic subdivision KERALA
942 ## - ADDED ENTRY ELEMENTS (KOHA)
Koha item type Books
Holdings
Withdrawn status Lost status Collection code Home library Current library Shelving location Date acquired Source of acquisition Cost, normal purchase price Full call number Accession Number Koha item type
    Fiction Main Library Main Library SHELF 3- I- ENGLISH CHILDRENS LITERATURE &MYTHOLOGY 07/11/2012 PURCHASE 120.00 823 SUB/B 06489 Books